000
00339nam a2200157Ia 4500
003
OSt
005
20240203164940.0
008
170524s9999 xx 000 0 und d
020
_a
978-0831717575
040
_c
IIMT
100
_a
Mehta Mira
245
0
_a
How to use to Yoga
260
_b
Hermes House
260
_c
1999
942
_2
ddc
_c
02
999
_c
6411
_d
6411